000 00676cam a22002411 4500
001 sa 63002807
003 DLC
005 20260227111936.0
008 940808s1962 ii 000 1 maro
010 _asa 63002807
025 _aI-Mar-257
035 _a(OCoLC)30903630
040 _aDLC
_cCU
_dCU
_dNSyU
_dDLC
042 _apremarc
050 0 0 _aPK2418.K25
_bN35
100 1 _aKākoḍakāra, Candrakānta,
_d1921-
245 1 0 _aNavā karāra,
_clekhaka Candrakānta Kākoḍakara.
260 _aMumbaī,
_bMahārāsht̥ra Grantha Bhan̥ḍāra,
_c[1962]
300 _a119 p.
_c17 cm.
490 0 _aAkshara Sāhitya,
_v37
500 _aIn Marathi.
500 _aA novel.
999 _c54681
_d54681